000 00666nam a2200193Ia 4500
003 LDD
008 190117s9999 xx 000 0 und d
020 _c₹400
040 _cLDD
041 _ahi
082 _a305.4 स्79203
100 _aशर्मा, ऋषभ देव
245 0 _aस्त्री सशक्तिकरण के विविद आयाम
_cऋषभ देव शर्मा
260 _aहैदराबाद
_bगीता प्रकाशन
_c2004
300 _a432पृ.
901 _aVANI
904 _aReqst by : Rita Rani Paliwal
942 _2ddc
_cH
999 _c170483
_d170483